<Les> Problemes d'utilisation du facteur humain dans les regions colloque franco-polonais Wroclaw, octobre 1986

Guardado en:
Detalles Bibliográficos
Formato: Libro
Lenguaje:francés
polaco
Publicado: Wroclaw Akademia Ekon. im. Oskara Langego 1987
Edición:1. wyd.
Colección:Prace naukowe Nr.373
Etiquetas: Agregar Etiqueta
Sin Etiquetas, Sea el primero en etiquetar este registro!

MARC

LEADER 00000nam a2200000 4500
001 c035170
005 20221219123613.0
041 0 |a fre 
041 0 |a pol 
044 |a PL 
245 1 0 |a <Les> Problemes d'utilisation du facteur humain dans les regions  |b colloque franco-polonais Wroclaw, octobre 1986 
250 |a 1. wyd. 
264 1 |a Wroclaw  |b Akademia Ekon. im. Oskara Langego  |c 1987 
300 |a 232 s. 
490 1 |a Prace naukowe  |v Nr.373 
830 0 |a Prace naukowe  |v Nr.373